000 00558nam a22001577a 4500
003 OSt
005 20150910161611.0
008 150910b xxu||||| |||| 00| 0 eng d
040 _cRUA
082 _aAGR សៅ 1995 B012 Or.1
100 _9266
_aសៅ វ៉ាន្នី
245 _aសិក្សា្វប្រសិទ្ធភាពនៃការអភិរក្សសត្វព្រៃនៅតំបនសួនសត្វភ្នំតាម៉ៅ
260 _aPhnom Penh
_bRUA
_c1995
300 _a78p.
_bill.
_c29cm.
942 _2ddc
_cAGR
999 _c248
_d248